Holiday Quiz

Random Holiday or Christmas Quiz

Holidays by Pumpkin Quiz Stats

Quiz Updated Oct 3, 2016

Challenge
Share
Tweet
Score 0/16 Timer 05:00
1 Play Today
% Correct
Pi Day
93.3%
Easter
92.2%
Valentine's Day
92%
Christmas
91.6%
Birthday of
Martin Luther King, Jr.
91.5%
Día de Los Muertos
91%
Thanksgiving Day
90.7%
St. Patrick's Day
90.2%
% Correct
Chinese New Year
88.8%
Veterans Day
88.4%
Arbor Day
87.1%
Bastille Day
84.9%
Guy Fawkes Night
84.7%
American Independence Day
84.5%
Mardi Gras
82.2%
Earth Day
76.1%

You're not logged in!

Compare scores with friends on all Sporcle quizzes.
Join for Free
OR
Log In

You Might Also Like...

Show Comments

Extras

Top Quizzes Today


Score Distribution

Your Account Isn't Verified!

In order to create a playlist on Sporcle, you need to verify the email address you used during registration. Go to your Sporcle Settings to finish the process.

Report this User

Report this user for behavior that violates our Community Guidelines.

Details: